[Event "Challenge"]
[Site "http://www.queenalice.com/game.php?id=1030787"]
[Date "2012.2.18"]
[Round "-"]
[White "IronButterfly"]
[Black "Albyrdee"]
[Result "1-0"]
[WhiteElo "2118"]
[BlackElo "1990"]

1. e4 e5 2. Nf3 Nc6 3. Nc3 Nf6 4. Bb5 Bb4 5. O-O O-O 6. d3 d6 7. Bg5 Bxc3 8.
bxc3 Qe7 9. Re1 Nd8 10. d4 Ne6 11. Bd2 c5 12. d5 Nc7 13. Bd3 Bg4 14. h3 Bh5 15.
c4 a6 16. a4 b6 17. Rb1 Rab8 18. Qe2 h6 19. Rb3 Na8 20. Reb1 Nd7 21. Qe3 Bg6 22.
g3 f5 23. Nh4 Bh7 24. exf5 Nf6 25. f4 e4 26. Bf1 Ne8 27. a5 Bxf5 28. Nxf5 Rxf5
29. axb6 Rb7 30. h4 Rf8 31. Bh3 Qd8 32. Qxe4 Rxb6 33. Be6+ Kh8 34. Rxb6 Nxb6 35.
Ba5 Nf6 36. Qg6 Nfd7 37. Bc3 Qe7 38. Qxh6# 1-0

[Event "Challenge"]
[Site "http://www.queenalice.com/game.php?id=1031941"]
[Date "2012.2.21"]
[Round "-"]
[White "plot24"]
[Black "Albyrdee"]
[Result "0-1"]
[WhiteElo "1864"]
[BlackElo "1978"]

1. e4 e5 2. Nf3 Nc6 3. Bb5 a6 4. Ba4 Nf6 5. d3 d6 6. h3 b5 7. Bb3 Na5 8. c4 Nxb3
9. Qxb3 bxc4 10. Qxc4 Be6 11. Qc2 Be7 12. Nc3 O-O 13. Be3 c5 14. O-O Nd7 15.
Rab1 f5 16. exf5 Bxf5 17. Ne4 h6 18. Ne1 Be6 19. b3 Qc7 20. Rc1 a5 21. f3 Rac8
22. d4 exd4 23. Bxd4 d5 24. Nf2 Qd6 25. Bb2 Bf5 26. Qd2 Bg5 27. Qxa5 Bxc1 28.
Bxc1 Ne5 29. Ng4 Bxg4 30. fxg4 Rxf1+ 31. Kxf1 Rf8+ 32. Kg1 Qf6 33. Nf3 Nxf3+ 34.
gxf3 Qxf3 0-1

[Event "Challenge"]
[Site "http://www.queenalice.com/game.php?id=1032600"]
[Date "2012.2.24"]
[Round "-"]
[White "moe78"]
[Black "Albyrdee"]
[Result "1/2-1/2"]
[WhiteElo "2188"]
[BlackElo "2052"]

1. d4 Nf6 2. c4 g6 3. Nc3 Bg7 4. e4 d6 5. Nf3 O-O 6. Be2 e5 7. O-O Nc6 8. d5 Ne7
9. b4 Nh5 10. Re1 f5 11. Ng5 Nf6 12. Bf3 c6 13. Bb2 h6 14. Ne6 Bxe6 15. dxe6
fxe4 16. Nxe4 Nxe4 17. Rxe4 d5 18. cxd5 cxd5 19. Rxe5 Bxe5 20. Bxe5 Qb6 21. Bb2
Rac8 22. Qe2 Rf5 23. g4 Rxf3 24. Qxf3 Qxe6 25. Bc3 Rc4 26. h3 d4 27. Bd2 Qd5 28.
Qf6 Qf7 29. Qh4 d3 30. Re1 Nd5 31. Qd8+ Kh7 32. g5 Rc2 33. Re8 hxg5 34. Be3 Nxe3
35. Re7 Rxf2 36. Rxf7+ Rxf7 37. Qxd3 Nf5 38. Qd5 Re7 39. a4 b6 40. Kf2 Kg7 41.
Qd8 Kf7 42. b5 Kg7 43. Qd2 Kf6 44. a5 bxa5 45. Qxa5 Kg7 46. Qc3+ Kf7 47. Qc2 Kg7
48. Qc6 Kf7 49. Qc5 Kg7 50. Kf3 Re3+ 51. Kf2 Re7 52. Kf1 Kf7 53. Kf2 Kg7 1/2-1/2

[Event "Challenge"]
[Site "http://www.queenalice.com/game.php?id=1033676"]
[Date "2012.2.27"]
[Round "-"]
[White "Albyrdee"]
[Black "betofortaleza"]
[Result "1-0"]
[WhiteElo "1943"]
[BlackElo "1926"]

1. d4 d5 2. c4 Bf5 3. Qb3 b6 4. cxd5 Qd6 5. Nc3 Nf6 6. f3 Nxd5 7. Qxd5 Qxd5 8.
Nxd5 Na6 9. e4 e6 10. exf5 exd5 11. Bxa6 Bb4+ 12. Bd2 Bxd2+ 13. Kxd2 O-O 14. Ne2
c6 15. Rac1 c5 16. dxc5 bxc5 17. Rxc5 Rab8 18. b3 Rb6 19. Bd3 Rd8 20. Rhc1 Rbb8
21. Nd4 Re8 22. Rxd5 Rbd8 23. Rxd8 Rxd8 24. Nc6 Ra8 25. Be4 1-0

[Event "Challenge"]
[Site "http://www.queenalice.com/game.php?id=1033718"]
[Date "2012.2.27"]
[Round "-"]
[White "ymfrancois"]
[Black "Albyrdee"]
[Result "0-1"]
[WhiteElo "1929"]
[BlackElo "1990"]

1. e4 e5 2. Nf3 Nc6 3. Bc4 Nf6 4. d3 Be7 5. O-O O-O 6. a3 d6 7. h3 Kh8 8. Bd5
Nxd5 9. exd5 Nb8 10. b4 f5 11. d4 e4 12. Nfd2 Nd7 13. f4 Nb6 14. c4 Bf6 15. Nb3
Nxc4 16. Qe2 Nb6 17. Nc3 Qe7 18. Be3 Qf7 19. a4 Nxd5 20. Nxd5 Qxd5 21. Rab1 Bd7
22. a5 Bb5 23. Qf2 Bxf1 24. Qxf1 b6 25. Qe1 bxa5 26. Nxa5 Bxd4 27. Bxd4 Qxd4+
28. Kh1 e3 29. g3 Qe4+ 30. Kh2 d5 31. Nb3 d4 32. Nc5 Qc2+ 33. Kg1 d3 34. Qc1
Qxc1+ 35. Rxc1 d2 0-1

[Event "Challenge"]
[Site "http://www.queenalice.com/game.php?id=1033719"]
[Date "2012.2.27"]
[Round "-"]
[White "Albyrdee"]
[Black "ymfrancois"]
[Result "1-0"]
[WhiteElo "2004"]
[BlackElo "1929"]

1. d4 d5 2. c4 c6 3. Nf3 Bf5 4. cxd5 Qxd5 5. Nc3 Qd8 6. e4 Bg4 7. Be2 e6 8. O-O
Be7 9. h3 Bh5 10. d5 Nf6 11. dxe6 O-O 12. exf7+ Bxf7 13. Qxd8 Rxd8 14. Ng5 Nbd7
15. Be3 Bb4 16. Nxf7 Kxf7 17. f3 Bxc3 18. bxc3 Kg8 19. Rfd1 b5 20. Rd2 Nb6 21.
Rxd8+ Rxd8 22. Rd1 Rxd1+ 23. Bxd1 Kh8 24. Kf2 Nfd7 25. f4 a5 26. Bg4 c5 27. e5
Kg8 28. Be2 Nd5 29. Bxb5 Nxe3 30. Kxe3 Nb6 31. Ke4 Kf8 32. f5 Ke7 33. g4 g6 34.
f6+ Kf7 35. Bc6 Ke6 36. c4 Kf7 37. Bd5+ Kf8 38. e6 Ke8 39. Bc6+ 1-0

[Event "Challenge"]
[Site "http://www.queenalice.com/game.php?id=1053024"]
[Date "2012.4.26"]
[Round "-"]
[White "Albyrdee"]
[Black "odone"]
[Result "1-0"]
[WhiteElo "2026"]
[BlackElo "1984"]

1. e4 e5 2. Nf3 Nc6 3. Bc4 h6 4. O-O Nf6 5. d4 exd4 6. e5 Nh7 7. Nxd4 Bc5 8. Nf5
O-O 9. Nxh6+ gxh6 10. Bxh6 Nxe5 11. Bxf8 Qxf8 12. Bb3 d6 13. Nc3 Be6 14. Bxe6
fxe6 15. Na4 Nd7 16. Qg4+ Kh8 17. Qxe6 Nhf6 18. Nxc5 Nxc5 19. Qh3+ Nh7 20. Rae1
Re8 21. Qc3+ Kg8 22. Qc4+ Kh8 23. Qd4+ Kg8 24. Qg4+ Kh8 25. b4 Na6 26. Qd4+ Nf6
27. Rxe8 Qxe8 28. Qxf6+ Kg8 29. a3 Nb8 30. h4 Nd7 31. Qg5+ Kh7 32. h5 Qf7 33.
Re1 Ne5 34. f4 Ng6 35. hxg6+ Qxg6 36. Qxg6+ Kxg6 37. Re7 1-0

[Event "Challenge"]
[Site "http://www.queenalice.com/game.php?id=1085660"]
[Date "2012.7.22"]
[Round "-"]
[White "Albyrdee"]
[Black "q_u_i_n_t_e_t"]
[Result "1-0"]
[WhiteElo "2035"]
[BlackElo "2066"]

1. d4 d5 2. c4 dxc4 3. Nf3 e6 4. e3 b5 5. a4 b4 6. Bxc4 Nf6 7. O-O a5 8. Nbd2
Ba6 9. Ne5 Bxc4 10. Ndxc4 Bd6 11. Qf3 Ra6 12. e4 Bxe5 13. dxe5 Nfd7 14. Qg3 O-O
15. Bh6 g6 16. Bxf8 Qxf8 17. b3 Nc5 18. Qe3 Nbd7 19. Rfd1 Qe7 20. f4 Nb6 21.
Nxb6 cxb6 22. Rd6 Ra8 23. Rad1 Rc8 24. f5 exf5 25. exf5 gxf5 26. Rf6 Nd7 27.
Rxf5 Rc3 28. Qg5+ Kf8 29. Qh6+ Ke8 30. Qxh7 Nf8 31. Qh5 1-0

[Event "Let's Play Chess!"]
[Site "http://www.queenalice.com/game.php?id=1086376"]
[Date "2012.7.24"]
[Round "-"]
[White "fortunato"]
[Black "Albyrdee"]
[Result "1-0"]
[WhiteElo "2322"]
[BlackElo "2040"]

1. e4 e5 2. Nf3 Nc6 3. Bc4 Nf6 4. O-O Nxe4 5. Nc3 Nxc3 6. dxc3 Be7 7. Qd5 O-O 8.
Nxe5 Nxe5 9. Qxe5 Bf6 10. Qh5 c6 11. Re1 d5 12. Bd3 g6 13. Qf3 Bg7 14. Be3 Be6
15. Re2 Re8 16. Qf4 Rc8 17. Rae1 c5 18. Bb5 Rf8 19. c4 1-0

[Event "Let's Play Chess!"]
[Site "http://www.queenalice.com/game.php?id=1088935"]
[Date "2012.7.31"]
[Round "-"]
[White "Albyrdee"]
[Black "Ranj"]
[Result "1-0"]
[WhiteElo "2139"]
[BlackElo "2041"]

1. d4 d5 2. c4 e6 3. Nc3 Nf6 4. cxd5 exd5 5. Bg5 Be7 6. e3 c6 7. Qc2 O-O 8. Bd3
h6 9. Bh4 a5 10. Nge2 Na6 11. a3 Ng4 12. Bxe7 Qxe7 13. h3 Nf6 14. O-O Nh5 15.
Rac1 Nc7 16. Na4 Ne6 17. Nb6 Rb8 18. Qd2 Ng5 19. Nxc8 Rbxc8 20. Qxa5 Nf3+ 21.
gxf3 Qg5+ 22. Kh2 Rce8 23. Rg1 Qh4 24. Ng3 Nxg3 25. Rxg3 Re6 26. Rcg1 g5 27. f4
f6 28. Qc7 Rf7 29. Qc8+ Kg7 30. Qxe6 1-0

[Event "Challenge"]
[Site "http://www.queenalice.com/game.php?id=1092962"]
[Date "2012.8.13"]
[Round "-"]
[White "Albyrdee"]
[Black "goreb83"]
[Result "1-0"]
[WhiteElo "2057"]
[BlackElo "2051"]

1. d4 d5 2. c4 e6 3. Nc3 f5 4. cxd5 exd5 5. Bf4 Nf6 6. e3 Nc6 7. Nf3 Bb4 8. Bd3
O-O 9. O-O a6 10. Qb3 Bxc3 11. bxc3 b5 12. a4 Na5 13. Qc2 c6 14. axb5 cxb5 15.
Bxf5 Nc4 16. Bd3 Bb7 17. Ng5 Qe7 18. Bxh7+ Kh8 19. Bd3 Nh5 20. Bxc4 1-0

[Event "Let's Play Chess!"]
[Site "http://www.queenalice.com/game.php?id=1116553"]
[Date "2012.10.27"]
[Round "-"]
[White "DAPONT"]
[Black "Albyrdee"]
[Result "0-1"]
[WhiteElo "2064"]
[BlackElo "2117"]

1. d4 d5 2. Nf3 Nf6 3. Bg5 e6 4. Nbd2 Be7 5. e3 c5 6. dxc5 Bxc5 7. c3 Nc6 8. Bd3
O-O 9. O-O e5 10. Bc2 Bg4 11. Qb1 h6 12. Bh4 Be7 13. Bg3 e4 14. Ne5 Bh5 15. Nb3
Bd6 16. Nxc6 bxc6 17. Nd4 c5 18. Nf5 Bc7 19. b4 Rb8 20. a3 Bg4 21. Bxc7 Qxc7 22.
Ng3 Rb6 23. Bd1 Be6 24. Be2 Rfb8 25. Rc1 Qe5 26. Nf1 a5 27. b5 a4 28. Qc2 c4 29.
Rab1 Rxb5 30. Rxb5 Rxb5 31. Qxa4 Rb2 32. Qd1 Rb3 33. a4 Rxc3 34. Ra1 Rb3 35. a5
Rb7 36. Rb1 Ra7 37. Qa4 Qc7 38. Ra1 Nd7 39. Nd2 Nc5 40. Qa3 Nb7 41. Qb4 Nxa5 42.
h3 Nc6 43. Rxa7 Nxa7 44. Nb1 Nc8 45. Nc3 Qd6 46. Qb2 Ne7 47. Qd2 Qb4 48. Bd1 Qc5
49. Ba4 Ng6 50. Bd1 Ne5 51. Kf1 Nd3 52. f3 f5 53. f4 d4 54. Na4 Qd6 55. Ke2 c3
56. Nxc3 dxc3 57. Qxc3 Qc5 58. Qxc5 Nxc5 59. Kd2 Kf7 60. Kc3 Ke7 61. Kd4 Kd6 62.
h4 Nb3+ 63. Kc3 Na5 64. Bc2 Kc5 65. g4 Nc4 66. Bb3 fxg4 67. Bxc4 Bxc4 68. Kd2 g3
69. Ke1 Kb4 0-1

[Event "Challenge"]
[Site "http://www.queenalice.com/game.php?id=1119961"]
[Date "2012.11.7"]
[Round "-"]
[White "eddval"]
[Black "Albyrdee"]
[Result "0-1"]
[WhiteElo "2126"]
[BlackElo "2088"]

1. e4 e5 2. Nf3 Nc6 3. d4 exd4 4. Nxd4 Nf6 5. Nc3 Bb4 6. Nxc6 bxc6 7. Bd3 d5 8.
exd5 cxd5 9. O-O O-O 10. Bg5 c6 11. Qf3 Be7 12. Rae1 Rb8 13. Nd1 h6 14. Bh4 Re8
15. h3 Rb4 16. Bg3 c5 17. c3 Rb6 18. Re2 Bb7 19. Rfe1 c4 20. Bb1 d4 21. Qf5 d3
22. Rd2 Bc5 23. Rxe8+ Qxe8 24. Ne3 Bxe3 25. fxe3 Ne4 0-1

[Event "Challenge"]
[Site "http://www.queenalice.com/game.php?id=1120306"]
[Date "2012.11.8"]
[Round "-"]
[White "eddval"]
[Black "Albyrdee"]
[Result "0-1"]
[WhiteElo "2112"]
[BlackElo "2127"]

1. e4 e5 2. Nf3 Nc6 3. d4 exd4 4. Nxd4 Nf6 5. Nc3 Bb4 6. Nxc6 bxc6 7. Bd3 O-O 8.
O-O d5 9. exd5 cxd5 10. Bg5 c6 11. Qf3 Bd6 12. Rae1 Rb8 13. Nd1 Be6 14. h3 c5
15. Bxf6 Qxf6 16. Qxf6 gxf6 17. c3 Kh8 18. Re2 c4 19. Bb1 Rg8 20. Kh1 a5 21. Ne3
a4 22. a3 Rb6 23. Rd1 Rgb8 24. Rdd2 Bxa3 25. bxa3 Rxb1+ 26. Kh2 R1b3 27. Nxd5
Rxa3 28. Nxf6 Rab3 29. Rd4 a3 30. Rh4 Kg7 31. Nh5+ Kf8 32. Nf6 Rb2 33. Rxe6 fxe6
34. Rxc4 Ra8 35. Nxh7+ Ke7 0-1

[Event "Challenge"]
[Site "http://www.queenalice.com/game.php?id=1129757"]
[Date "2012.12.9"]
[Round "-"]
[White "Albyrdee"]
[Black "noroc"]
[Result "1-0"]
[WhiteElo "2158"]
[BlackElo "1973"]

1. d4 d5 2. c4 c6 3. Nf3 Bf5 4. cxd5 cxd5 5. Qb3 Qc7 6. Nc3 Nf6 7. Nb5 Qb6 8.
Bf4 Na6 9. e3 Nh5 10. Qa4 Bd7 11. Ne5 Nxf4 12. Nxd7 Kxd7 13. exf4 e6 14. Rc1
Bb4+ 15. Nc3+ Ke7 16. a3 Bd6 17. Rc2 Bxf4 18. Be2 Rhc8 19. O-O Rc6 20. Bb5 1-0

[Event "Challenge"]
[Site "http://www.queenalice.com/game.php?id=1136407"]
[Date "2013.1.2"]
[Round "-"]
[White "ATeixeira"]
[Black "Albyrdee"]
[Result "1-0"]
[WhiteElo "2100"]
[BlackElo "2105"]

1. d4 d5 2. c4 c6 3. Nc3 Nf6 4. Nf3 dxc4 5. a4 Bf5 6. Nh4 Bd7 7. Bg5 b5 8. axb5
cxb5 9. e3 e6 10. Be2 Be7 11. Bf3 Nc6 12. Nxb5 Rb8 13. Nxa7 Rxb2 14. Nxc6 Bxc6
15. Bxc6+ Kf8 16. Ra8 Rb8 17. Qa1 Bb4+ 18. Ke2 1-0

[Event "Challenge"]
[Site "http://www.queenalice.com/game.php?id=1136408"]
[Date "2013.1.2"]
[Round "-"]
[White "Albyrdee"]
[Black "ATeixeira"]
[Result "1-0"]
[WhiteElo "2148"]
[BlackElo "2074"]

1. e4 c6 2. d3 d5 3. Nd2 Nf6 4. e5 Ng8 5. Ngf3 Bg4 6. Be2 e6 7. O-O Nh6 8. h3
Bxf3 9. Nxf3 Nf5 10. Bf4 Be7 11. c3 c5 12. Qb3 Qc7 13. a3 Nc6 14. Qc2 O-O 15.
Rfe1 Rac8 16. Rad1 a6 17. Bf1 b5 18. Qd2 Rfd8 19. g4 Nh4 20. Nxh4 Bxh4 21. g5
Ne7 22. Bg2 Ng6 23. d4 c4 24. Be3 Qe7 25. Rf1 f5 26. exf6 gxf6 27. gxf6 Bxf6 28.
Rde1 Kh8 29. Kh1 Nh4 30. Rg1 Qf7 31. Bf4 Rg8 32. Bg3 Nf5 33. Kh2 Nxg3 34. fxg3
Rxg3 35. Kxg3 Qc7+ 36. Kf3 Bh4 37. Qf4 Qe7 38. Ke2 Rf8 39. Qe5+ Bf6 40. Qh5 a5
41. Kd1 Qd7 42. Rgf1 b4 43. Qh6 1-0

[Event "Challenge"]
[Site "http://www.queenalice.com/game.php?id=1136419"]
[Date "2013.1.2"]
[Round "-"]
[White "ATeixeira"]
[Black "Albyrdee"]
[Result "0-1"]
[WhiteElo "2094"]
[BlackElo "2105"]

1. e4 e5 2. Bb5 c6 3. Ba4 Nf6 4. d3 Be7 5. f4 exf4 6. Bxf4 O-O 7. Nf3 d5 8. e5
Nfd7 9. d4 f6 10. O-O fxe5 11. Nxe5 Nxe5 12. Bxe5 Rxf1+ 13. Qxf1 Nd7 14. Bg3 Qb6
15. Bf2 Qxb2 16. Nd2 Nf6 17. Bb3 Bf5 18. Rb1 Qc3 19. Qd1 Ng4 20. Nf3 Nxf2 21.
Kxf2 Re8 22. Ne5 Bf6 0-1

[Event "Challenge"]
[Site "http://www.queenalice.com/game.php?id=1136420"]
[Date "2013.1.2"]
[Round "-"]
[White "Albyrdee"]
[Black "ATeixeira"]
[Result "1-0"]
[WhiteElo "2091"]
[BlackElo "2093"]

1. d4 Nf6 2. c4 e5 3. dxe5 Ng4 4. Bf4 Nc6 5. Nf3 Bb4+ 6. Nbd2 Qe7 7. a3 Bxd2+ 8.
Qxd2 Ngxe5 9. Nxe5 Nxe5 10. e3 d6 11. Be2 O-O 12. O-O Bd7 13. c5 Bc6 14. cxd6
cxd6 15. b4 Rfe8 16. b5 Bd7 17. Rfd1 Ng6 18. Bxd6 Qe6 19. Rac1 Rad8 20. Bc7 Bxb5
21. Bxd8 1-0

[Event "Challenge"]
[Site "http://www.queenalice.com/game.php?id=1149753"]
[Date "2013.2.8"]
[Round "-"]
[White "Albyrdee"]
[Black "dorjon"]
[Result "1-0"]
[WhiteElo "2164"]
[BlackElo "2171"]

1. d4 d5 2. c4 c6 3. Nf3 Nf6 4. Nc3 g6 5. e3 Bg7 6. Be2 O-O 7. O-O Re8 8. b4
Nbd7 9. Bb2 e5 10. dxe5 Nxe5 11. Nxe5 Rxe5 12. Nxd5 Re8 13. Nxf6+ Bxf6 14. Qxd8
Bxd8 15. Rfd1 Be6 16. c5 Bc7 17. h3 Bd5 18. Rd2 Be5 19. Bxe5 Rxe5 20. a3 Rae8
21. Bf3 Bxf3 22. gxf3 a6 23. Rad1 h5 24. Rd7 R5e7 25. Rxe7 Rxe7 26. Kg2 f6 27.
f4 h4 28. Kf3 f5 29. Rd6 Kg7 30. Ke2 Kf7 31. Kd3 Re6 32. Rxe6 Kxe6 33. Kd4 Kf6
34. f3 Ke6 35. Kc4 Kd7 36. Kb3 Ke6 37. Ka4 1-0

[Event "Challenge"]
[Site "http://www.queenalice.com/game.php?id=1159697"]
[Date "2013.3.10"]
[Round "-"]
[White "gasparotto"]
[Black "Albyrdee"]
[Result "0-1"]
[WhiteElo "2051"]
[BlackElo "2176"]

1. e4 e5 2. Bc4 Nc6 3. Nf3 Nf6 4. Nc3 Nxe4 5. Nxe4 d5 6. Bd3 dxe4 7. Bxe4 Bd6 8.
O-O O-O 9. c3 Bd7 10. d4 exd4 11. cxd4 Re8 12. Re1 Re7 13. Bg5 f6 14. Bh4 Qe8
15. Qb3+ Kh8 16. Bd5 Rb8 17. Rxe7 Nxe7 18. Re1 Qf8 19. Be6 Bxe6 20. Qxe6 Qg8 21.
Qh3 Qxa2 22. g4 Qxb2 23. g5 f5 24. Bg3 Qb4 25. Re6 f4 26. g6 Nxg6 27. Rxg6 Qb1+
28. Kg2 Qxg6 0-1

[Event "Challenge"]
[Site "http://www.queenalice.com/game.php?id=1161502"]
[Date "2013.3.16"]
[Round "-"]
[White "crolik"]
[Black "Albyrdee"]
[Result "1-0"]
[WhiteElo "2238"]
[BlackElo "2172"]

1. e4 e5 2. d4 exd4 3. Nf3 Nc6 4. Nxd4 Nf6 5. Nxc6 bxc6 6. Bd3 d6 7. O-O g6 8.
e5 Ng4 9. Qe2 Be6 10. Nc3 Nxe5 11. Be4 Bg7 12. f4 d5 13. fxe5 dxe4 14. Qxe4 O-O
15. Bf4 Rb8 16. b3 Bd5 17. Qe3 a6 18. Rad1 Re8 19. Nxd5 cxd5 20. c4 c6 21. Qc5
Bxe5 22. Bxe5 Rxe5 23. Qxc6 Re2 24. Rxd5 Qe7 25. Rd7 Qe8 26. Qd6 Re1 27. Rxf7
Qxf7 28. Qxb8+ Re8 29. Rxf7 Rxb8 30. Ra7 Rb6 31. c5 Rc6 32. b4 h6 33. Kf2 Kf8
34. a4 Ke8 35. Kg3 1-0